Library Banner

India, in the 20th century, is the story of a modern renaissance / (Record no. 103849)

MARC details
000 -LEADER
fixed length control field 00500nam a22001697a 4500
005 - DATE AND TIME OF LATEST TRANSACTION
control field 20180309112204.0
008 - FIXED-LENGTH DATA ELEMENTS--GENERAL INFORMATION
fixed length control field 180309b xxu||||| |||| 00| 0 eng d
020 ## - INTERNATIONAL STANDARD BOOK NUMBER
International Standard Book Number 9780170244121
040 ## - CATALOGING SOURCE
Transcribing agency PK-LaUMT
082 ## - DEWEY DECIMAL CLASSIFICATION NUMBER
Classification number 954.052
Item number COP-I
100 ## - MAIN ENTRY--PERSONAL NAME
Personal name Copland, Ian
245 ## - TITLE STATEMENT
Title India, in the 20th century, is the story of a modern renaissance /
Statement of responsibility, etc Ian Copland
260 ## - PUBLICATION, DISTRIBUTION, ETC. (IMPRINT)
Place of publication, distribution, etc Sydney :
Name of publisher, distributor, etc Nelson Cengate Leaning,
Date of publication, distribution, etc 2015
300 ## - PHYSICAL DESCRIPTION
Extent 198 p.
650 ## - SUBJECT ADDED ENTRY--TOPICAL TERM
Topical term or geographic name as entry element India-History-20th century-Textiles
942 ## - ADDED ENTRY ELEMENTS (KOHA)
Koha item type Books
Holdings
Withdrawn status Lost status Damaged status Home library Current library Date acquired Full call number Barcode Date last seen Price effective from Koha item type
      UMT Main Campus UMT Main Campus 2018-03-09 954.052 COP-I 120078 2018-03-09 2018-03-09 Books